| 000 | 00885nam a2200265Ia 4500 | ||
|---|---|---|---|
| 003 | CO-BoRNBP | ||
| 005 | 20230906213557.0 | ||
| 008 | 141031s9999 xx 000 0 und d | ||
| 020 | _a9788426133953 | ||
| 040 |
_aCO-BoRNBP _bspa _erda _cCO-BoRNBP |
||
| 082 | 0 | 4 |
_222 _a(i) 813 H347o |
| 100 | 1 | 0 |
_aHaseley, Dennis _916356 |
| 245 | 1 | 0 |
_aEl oso que amaba los libros _cDennis Haseley ; ilustraciones Jim Lamarche ; traducción Christiane Reyes |
| 250 | _a5a ed. | ||
| 264 |
_aBarcelona _bJuventud _c2010 |
||
| 300 |
_a30 páginas _bilustraciones _c24 cm |
||
| 336 |
_atexto _btxt _2rdacontent |
||
| 337 |
_asin mediación _bn _2rdamedia |
||
| 338 |
_avolumen _bnc _2rdacarrier |
||
| 650 | 1 | 4 |
_aCuentos infantiles _2LEMB _916357 |
| 650 | 1 | 4 |
_aLiteratura infantil _2LEMB _ySiglo XX _9921 |
| 650 | 1 | 4 |
_aOsos en la literatura _2LEMB _916358 |
| 700 | 1 | 0 |
_aLamarche, Jim _916359 |
| 942 |
_2ddc _cBK |
||
| 999 |
_c1288 _d1288 |
||